India, 2000: a reference annual (Record no. 391517)

000 -LEADER
fixed length control field 00455cam a22001337a 4500
008 - FIXED-LENGTH DATA ELEMENTS--GENERAL INFORMATION
fixed length control field 180718b2000 xxu||||| |||| 00| 0 eng d
020 ## - INTERNATIONAL STANDARD BOOK NUMBER
International Standard Book Number 8123008066
082 ## - DEWEY DECIMAL CLASSIFICATION NUMBER
Classification number A84x54 In2/2000 (R)
245 ## - TITLE STATEMENT
Title India, 2000: a reference annual
Statement of responsibility, etc. by Ministry of Information and Broadcasting
260 ## - PUBLICATION, DISTRIBUTION, ETC.
Place of publication, distribution, etc. Delhi
Name of publisher, distributor, etc. Ministry of Information and Broadcasting
Date of publication, distribution, etc. 2000
300 ## - PHYSICAL DESCRIPTION
Extent 930p.
650 ## - SUBJECT ADDED ENTRY--TOPICAL TERM
Topical term or geographic name entry element India - Yearbooks
700 ## - ADDED ENTRY--PERSONAL NAME
Personal name India. Ministry of Information and Broadcasting
Holdings
Withdrawn status Lost status Damaged status Not for loan Permanent Location Current Location Date acquired Full call number Barcode Date last seen Price effective from Koha item type
        Indian Institute of Public Administration Indian Institute of Public Administration 2000-02-22 A84x54 In2/2000 (R) 74789 2018-07-21 2018-07-21 Book

Powered by Koha